Normal view
MARC view
- Domingo Segovia, Jesús
Entry Nombre Personal
001 - NUMERO DE CONTROL
- campo de control: 42833
003 - IDENTIFICADOR DE NUMERO DE CONTROL
- campo de control: UPN
005 - FECHA Y HORA DE LA ÜLTIMA TRANSACCIÓN
- campo de control: 20220927102241.0
008 - DATOS DE LONGITUD FIJA
- campo de control de longitud fija: 220927nabacnnnaabn b |nc |d
024 7# - OTROS IDENTIFICADORES NORMALIZADOS
- Fuente: orcid
- Número normalizado o código: 0000-0002-8319-5127
035 ## - NUMERO DE CONTROL
- Número de control: UPN11000014940
040 ## - FUENTE DE CATALOGACIÓN
- Lenguaje de catalogación: spa
- Agencia original de catalogación: MX-MxUPN
100 1# - ENCABEZAMIENTO - NOMBRE PERSONAL
- Nombre personal: Domingo Segovia, Jesús
370 ## - LUGAR ASOCIADO
- Associated country: Granada, España
371 ## - DIRECCIÓN
- Electronic mail address: jdomingo@ugr.es
372 ## - CAMPO DE ACTIVIDAD
- Field of activity: Ciencias de la educación
- Field of activity: Orientación educativa
- Field of activity: Sociedad del conocimiento
373 ## - GRUPO ASOCIADO
- Associated group: Universidad de Granada. Facultad de Ciencias de la Educación. Departamento de Didáctica y Organización Escolar.
374 ## - OCUPACIÓN
- Occupation: Profesor - Investigador universitario
670 ## - FUENTE EN LA QUE SE LOCALIZARON DATOS
- Cita de la fuente: En sitio web: Universidad de Granada
- Información localizada: Personal (Jesús Domingo Segovia)
- Uniform Resource Identifier: https://www.ugr.es/personal/jesus-domingo-segovia
680 ## - NOTA PUBLICA DE ACCESO PÚBLICO
- Encabezamiento o subdivisión: Profesor universitario en el área de didáctica y organización escolar
902 ## - CATALOGADOR
- Catalogador: BLSM / 270922
